| 000 | 00432cam a22001097a 4500 | ||
|---|---|---|---|
| 008 | 180718b1986 xxu||||| |||| 00| 0 eng d | ||
| 082 | _aI2701x54 In2de | ||
| 245 |
_aDemarcation of responsibilites (subjects for which dirrerent Ministeries and Departments of government of India are responsible _cby Lok Sabha Secretariat |
||
| 260 |
_aNew Delhi _bLok Sabha Secretariat _c1986 |
||
| 300 | _a162+p | ||
| 700 | _aIndia. Lok Sabha Secretariat | ||
| 999 |
_c491112 _d491112 |
||